000 01139cab a2200349 4500
001 ABS59095
008 090401t1998 xxu||||| |||| 00| 0 eng d
035 _a(Sirsi) u87335
041 _aeng
100 _aWignall, G.
245 _aHandling claims for withdrawal of support
260 _c1998
350 _a0
490 _aSolicitors` Journal
_v142(25) 26 June 1998, 598-599(2)
520 _aConsiders the easement of support, loss of a natural right of support to land and the withdrawal of the easement of support to a building. Discusses case law.
650 _aBONOMI V BACKHOUSE
650 _aBRADBURN V LINDSAY
650 _aCONSEQUENTIAL LOSS
650 _aCULPABILITY
650 _aDARLEY MAIN COLLIERY CO V MITCHELL
650 _aEASEMENT OF SUPPORT
650 _aINJUNCTION
650 _aJORDESAN V SUTTON SOUTHCOATES & DRYPOOL GAS CO
650 _aLEAKEY V NATIONAL TRUST
650 _aMORRIS V REDLAND BRICKS LTD
650 _aParty walls
_96258
650 _aRIGHT OF SUPPORT
650 _aROUSE V GRAVEL WORKS LTD
690 _aPROPERTY LAW AND PRACTICE
942 _n0
948 _c10/07/1998
999 _c55090
_d55090